000 00612nam a2200193 i 4500
001 57639
003 ES-MaACL
005 20250727090159.0
007 t|
008 031017s1959 sp ||||1| spa d
245 0 3 _aEl dolor lumbosacro /
_cpor P. Barceló ... [et al.].
260 _aBarcelona :
_b[s.n.,
_c1959]
300 _a77 h. ;
_c24 cm.
490 1 _aMonografías de la revista española de reumatismo ;
_v8 ; 4
700 1 _aBarceló, P.
_925511
830 0 0 _aMonografías de la Revista española de reumatismo
_v8 ; 4
_9182756
852 _aES-MaACL
_jC-18232
_bR.46236
999 _c57639
_d57639